000 00915nmm a2200277 a 4500
001 ocm000584281
003 TR-IsHL
005 20201028122012.0
008 110704s2004 tu tur
007 cr cn
020 _a9789757594857
035 _a584281
_b(N$T)
050 0 4 _aZ8459.27
_b.K32 2004
090 0 4 _aZ8459.27
_b.K32 2004
100 1 _aKabaklı, Ahmet
245 1 0 _aNerede ne yazdı?
_h[electronic resource] /
_cAhmet Kabaklı
250 _a1. bs.
260 _aİstanbul :
_bTürk Edebiyatı Vakfı Yayınları,
_c2004
300 _a288 p.
650 4 _aDil ve Edebiyat
650 4 _aLanguage and Literature
650 0 _aAhmet Kabaklı,1924-2001
_x Bibliyografya
650 0 _aAhmet Kabaklı,1924-2001
_x Bibliography
650 7 _aBIOGRAPHY & AUTOBIOGRAPHY / Literary
_2bisacsh
856 4 0 _uhttp://search.ebscohost.com/login.aspx?direct=true&scope=site&db=e011xww&AN=584281
999 _c1634
_d1634